Essentials of business law / (Record no. 12568)
[ view plain ]
| 000 -LEADER | |
|---|---|
| fixed length control field | 00776cam a22002535a 4500 |
| 005 - DATE AND TIME OF LATEST TRANSACTION | |
| control field | 20190525102704.0 |
| 008 - FIXED-LENGTH DATA ELEMENTS--GENERAL INFORMATION | |
| fixed length control field | 090811t2009 enka frd 001 0 eng d |
| 020 ## - INTERNATIONAL STANDARD BOOK NUMBER | |
| International Standard Book Number | 9781405899765 |
| 040 ## - CATALOGING SOURCE | |
| Original cataloging agency | EG-ScBUE |
| Language of cataloging | eng |
| Transcribing agency | EG-ScBUE |
| Modifying agency | EG-ScBUE |
| 082 04 - DEWEY DECIMAL CLASSIFICATION NUMBER | |
| Classification number | 346.4207 |
| Item number | MAC |
| Edition number | 22 |
| 100 1# - MAIN ENTRY--PERSONAL NAME | |
| Personal name | Maclntyre, Ewan, |
| 9 (RLIN) | 8421 |
| 245 10 - TITLE STATEMENT | |
| Title | Essentials of business law / |
| Statement of responsibility, etc | Ewan MacIntyre. |
| 246 1# - VARYING FORM OF TITLE | |
| Title proper/short title | Business law |
| 250 ## - EDITION STATEMENT | |
| Edition statement | 2nd ed. |
| 260 ## - PUBLICATION, DISTRIBUTION, ETC. (IMPRINT) | |
| Place of publication, distribution, etc | Harlow : |
| Name of publisher, distributor, etc | Pearson Longman, |
| Date of publication, distribution, etc | c.2009. |
| 300 ## - PHYSICAL DESCRIPTION | |
| Extent | xxxiii, 470 p. : |
| Other physical details | ill. ; |
| Dimensions | 25 cm. |
| 500 ## - GENERAL NOTE | |
| General note | Index : p. 456-470. |
| 500 ## - GENERAL NOTE | |
| General note | Glossary : p. 439-455. |
| 650 #7 - SUBJECT ADDED ENTRY--TOPICAL TERM | |
| Topical term or geographic name as entry element | Business law |
| Geographic subdivision | England. |
| 9 (RLIN) | 8422 |
| Source of heading or term | BUEsh |
| 650 #7 - SUBJECT ADDED ENTRY--TOPICAL TERM | |
| Topical term or geographic name as entry element | Business law |
| Geographic subdivision | Wales. |
| 9 (RLIN) | 8423 |
| Source of heading or term | BUEsh |
| 651 ## - SUBJECT ADDED ENTRY--GEOGRAPHIC NAME | |
| Source of heading or term | BUEsh |
| 653 ## - INDEX TERM--UNCONTROLLED | |
| Resource For college | BAEPS, Business Administration |
| -- | Law |
| -- | Generalities |
| Arrived date list | December2017 |
| 942 ## - ADDED ENTRY ELEMENTS (KOHA) | |
| Source of classification or shelving scheme | Dewey Decimal Classification |
| Withdrawn status | Item status | Source of classification or shelving scheme | Materials specified (bound volume or other part) | Damaged status | Not for loan | Home library | Current library | Shelving location | Date acquired | Total Checkouts | Total Renewals | Full call number | Barcode | Date last seen | Date last borrowed | Koha item type | Vendor | Source of acquisition |
|---|---|---|---|---|---|---|---|---|---|---|---|---|---|---|---|---|---|---|
| Lost | Dewey Decimal Classification | Lost In Inventory_2015-8-23 | Central Library | Central Library | First floor | 11/08/2009 | 3 | 1 | 346.4207 MAC | 000017317 | 18/08/2010 | 09/08/2010 | Book - Borrowing | |||||
| Dewey Decimal Classification | Central Library | Central Library | First floor | 14/02/2011 | 3 | 8 | 346.4207 MAC | 000022797 | 15/07/2025 | 10/05/2016 | Book - Borrowing | |||||||
| Dewey Decimal Classification | Central Library | Central Library | First floor | 20/12/2017 | 1 | 346.4207 MAC | 000046955 | 15/07/2025 | 29/01/2018 | Book - Borrowing | ||||||||
| Dewey Decimal Classification | Central Library | Central Library | First floor | 14/04/2018 | 346.4207 MAC | 000046925 | 15/07/2025 | Book - Borrowing | Donation | |||||||||
| Dewey Decimal Classification | Central Library | Central Library | First floor | 12/02/2019 | 346.4207 MAC | 000043257 | 15/07/2025 | NB - Book (Non borrowing) | Donation | |||||||||
| Dewey Decimal Classification | Central Library | Central Library | First floor | 12/02/2019 | 346.4207 MAC | 000043258 | 15/07/2025 | Book - Borrowing | Donation |